01019nam a2200265Ia 4500003000400000005001700004008004100021020001800062040001800080041000800098082002200106100002700128245009200155250001200247260007100259300003300330650005500363650003600418700002600454700002600480700003000506942003100536999001900567952016700586OSt20220830123632.0210716s2011 xx 000 0 und d a9789350235287 cAIMIT LIBRARY aeng a005.448 21bMORM aMorel, Mederic.956121 aGoogle apps :bmastering integration and customization /cBy Mederic Morel...[et. al.]. a1st ed. aNew Delhi :bShroff Publishers and Distributors Pvt Ltd ,c2011 . ax, 250p. ;11p. ;bPBc23 cm. aManaging a migration project to google apps956122 aPerforming the migration956123 aAlves, Manuel.956124 aCadet, Pascal.956125 aLemberger, Pirmin.956126 2ddccBKe1stk005.448 MORM c193438d193438 00102ddc40708MCAaAIMITbAIMITeKnowledge Worldg425.00iBillno:1616;Billdt:2013-05-20l0o005.448 MORMpMCA12946r2026-05-23 00:00:00v318.75w2021-07-16yBK